Statistics for Biggest Cities In Oregon - Map Quiz

Click here to take the quiz!

General Stats

  • This quiz has been taken 49 times
  • The average score is 6 of 10

Answers on the Map

Answers color-coded by a green-red scale on the quiz's map according to % correct below.
 

Answer Stats

Answer% Correct
Portland
79%
Beaverton
66%
Bend
66%
Salem
66%
Eugene
55%
Hillsboro
55%
Medford
52%
Gresham
48%
Springfield
45%
Corvallis
41%

Score Distribution

Percentile by Number Answered

Percent of People with Each Score

Your Score History

You have not taken this quiz